<?xml version="1.0" encoding="UTF-8"?>
<record
    xmlns:xsi="http://www.w3.org/2001/XMLSchema-instance"
    xsi:schemaLocation="http://www.loc.gov/MARC21/slim http://www.loc.gov/standards/marcxml/schema/MARC21slim.xsd"
    xmlns="http://www.loc.gov/MARC21/slim">

  <leader>02336    a2200277   4500</leader>
  <datafield tag="952" ind1=" " ind2=" ">
    <subfield code="0">0</subfield>
    <subfield code="1">0</subfield>
    <subfield code="2">lcc</subfield>
    <subfield code="4">0</subfield>
    <subfield code="7">0</subfield>
    <subfield code="8">NFIC</subfield>
    <subfield code="a">MTHL</subfield>
    <subfield code="b">MTHL</subfield>
    <subfield code="c">GEN</subfield>
    <subfield code="d">2023-07-13</subfield>
    <subfield code="e">Purchase</subfield>
    <subfield code="i">032794</subfield>
    <subfield code="l">0</subfield>
    <subfield code="o">RC454.COW 2012</subfield>
    <subfield code="p">032794</subfield>
    <subfield code="r">2023-07-13 00:00:00</subfield>
    <subfield code="t">c.1</subfield>
    <subfield code="w">2023-07-13</subfield>
    <subfield code="y">BK</subfield>
  </datafield>
  <datafield tag="999" ind1=" " ind2=" ">
    <subfield code="c">10908</subfield>
    <subfield code="d">10908</subfield>
  </datafield>
  <datafield tag="020" ind1=" " ind2=" ">
    <subfield code="a">9780199605613 (pbk.)</subfield>
  </datafield>
  <datafield tag="050" ind1="0" ind2="0">
    <subfield code="a">RC454</subfield>
    <subfield code="b">.COW2012</subfield>
  </datafield>
  <datafield tag="100" ind1="1" ind2=" ">
    <subfield code="a">Cowen, Philip.</subfield>
    <subfield code="e">author</subfield>
  </datafield>
  <datafield tag="245" ind1="1" ind2="0">
    <subfield code="a">Shorter Oxford textbook of psychiatry /</subfield>
    <subfield code="c">Philip Cowen, Paul Harrison, Tom Burns.</subfield>
  </datafield>
  <datafield tag="250" ind1=" " ind2=" ">
    <subfield code="a">Sixth edition.</subfield>
  </datafield>
  <datafield tag="264" ind1=" " ind2="1">
    <subfield code="a">Oxford :</subfield>
    <subfield code="b">Oxford University Press,</subfield>
    <subfield code="c">2012.</subfield>
  </datafield>
  <datafield tag="300" ind1=" " ind2=" ">
    <subfield code="a">818 pages :</subfield>
    <subfield code="b">illustrations ;</subfield>
  </datafield>
  <datafield tag="336" ind1=" " ind2=" ">
    <subfield code="a">text</subfield>
    <subfield code="2">rdacontent</subfield>
    <subfield code="b">txt</subfield>
  </datafield>
  <datafield tag="337" ind1=" " ind2=" ">
    <subfield code="a">unmediated</subfield>
    <subfield code="2">rdamedia</subfield>
    <subfield code="b">n</subfield>
  </datafield>
  <datafield tag="338" ind1=" " ind2=" ">
    <subfield code="a">volume</subfield>
    <subfield code="2">rdacarrier</subfield>
    <subfield code="b">nc</subfield>
  </datafield>
  <datafield tag="500" ind1=" " ind2=" ">
    <subfield code="a">Rev. ed. of: Shorter Oxford textbook of psychiatry / Michael Gelder, Paul Harrison and Philip Cowen. 5th edition. 2006.</subfield>
  </datafield>
  <datafield tag="504" ind1=" " ind2=" ">
    <subfield code="a">Includes bibliographical references and index.</subfield>
  </datafield>
  <datafield tag="505" ind1=" " ind2=" ">
    <subfield code="a">Chapter advisors		ix	
Symptoms and signs of psychiatric disorders
1	(20)
Classification and diagnosis
21	(14)
Assessment
35	(34)
Ethics and civil law
69	(12)
Aetiology
81	(32)
Evidence-based approaches to psychiatry
113	(14)
Personality and personality disorder
127	(24)
Reactions to stressful experiences
151	(24)
Anxiety and obsessive-compulsive disorders
175	(28)
Somatoform and dissociative disorders
203	(14)
Mood disorders
217	(50)
Schizophrenia
267	(40)
Paranoid symptoms and delusional disorders
307	(14)
Dementia, delirium, and other neuropsychiatric disorders
321	(38)
Eating disorders and sleep disorders
359	(18)
Psychiatry and medicine
377	(30)
Suicide and deliberate self-harm
407	(22)
The misuse of alcohol and drugs
429	(42)
Problems related to sexuality and gender identity
471	(24)
Psychiatry of the elderly
495	(22)
Drugs and other physical treatments
517	(60)
Psychological treatment
577	(42)
Psychiatric services
619	(26)
Child psychiatry
645	(60)
Learning disability (mental retardation)
705	(24)
Forensic psychiatry
729	(28)
References		757	(66)
Index		823	</subfield>
  </datafield>
  <datafield tag="520" ind1=" " ind2=" ">
    <subfield code="a">Provides an introduction to all of the clinical topics required by the trainee psychiatrist, including all the sub-specialties and major psychiatric conditions</subfield>
  </datafield>
  <datafield tag="650" ind1=" " ind2="0">
    <subfield code="a">Psychiatry</subfield>
  </datafield>
  <datafield tag="700" ind1="1" ind2=" ">
    <subfield code="a">Harrison, P. J.</subfield>
    <subfield code="q">(Paul J.),</subfield>
    <subfield code="d">1960-</subfield>
  </datafield>
  <datafield tag="700" ind1="1" ind2=" ">
    <subfield code="a">Burns, Tom,</subfield>
    <subfield code="d">1946-</subfield>
  </datafield>
  <datafield tag="942" ind1=" " ind2=" ">
    <subfield code="2">lcc</subfield>
    <subfield code="c">BK</subfield>
    <subfield code="h">454</subfield>
    <subfield code="i">COW</subfield>
    <subfield code="k">RC</subfield>
  </datafield>
</record>
